000 01234nam a2200313 i 4500
003 EG-GICUC
005 20260310134756.0
008 260123s1991 ua |||fr|||| 00| 0 ara d
040 _a EG-GICUC
_bara
_c EG-GICUC
_d EG-GICUC
_erda
041 0 _aAra
082 0 4 _221
_a343.91
_bأ ح . د
092 0 4 _221
099 _aLaw1 10 343.91 أ ح . د 1991
100 0 _aأحمد أبو القاسم أحمد
_eمؤلف.
245 1 2 _aالدليل المادى ودوره فى الإثبات فى الفقه الجنائى الإسلامى :
_bدراسة مقارنة /
_cلواء دكتور أحمد أبو القاسم أحمد.
264 1 _aالقاهرة :
_bدار النهضة العربية،
_c1991.
300 _a699 صفحة؛
_c24 سم.
336 _2rda content
_atext
337 _2rda media
_aComputer
338 _2rda carrier
_aOnline Resource
504 _a ببليوجرافيا: صفحات609-648.
546 _aالنص باللغة العربية
650 1 _aالنظام الجنائى الإسلامى
_2qrmak
650 1 _aالقانون الجنائى
_2qrmak
651 1 _2qrmak
856 4 0 _uhttps://fll.law.cu.edu.eg/fulltext/bks/B10-08162.pdf
905 _a54
_eYara
942 _2ddc
_cBK
_e21
_n0
999 _c58777
_d58777